[Event "WCPL:Cardiff-Vale"]
[Site "?"]
[Date "2017.10.22"]
[Round "1.1"]
[White "Kett, Tim"]
[Black "Toczek, Grzegorz"]
[Result "1/2-1/2"]
[WhiteElo "2202"]
[BlackElo "2258"]
[PlyCount "61"]
[EventDate "2017.10.22"]
[EventCountry "WLS"]
[SourceDate "2017.10.24"]

1. e4 c5 2. c3 g6 3. d4 cxd4 4. cxd4 d5 5. exd5 Nf6 6. Nc3 Bg7 7. Bc4 O-O 8.
Nf3 a6 9. a4 Nbd7 10. d6 exd6 11. O-O Nb8 12. Bg5 Nc6 13. Nd5 Re8 14. Ra3 Na5
15. Ba2 Bf5 16. Re3 Rxe3 17. fxe3 h6 18. Bxf6 Bxf6 19. Nxf6+ Qxf6 20. Qe1 Nc6
21. Nh4 Ne7 22. Qf2 d5 23. Nxf5 gxf5 24. Rc1 Rd8 25. Rc7 b6 26. Bb1 Rd6 27. h3
Kg7 28. Bd3 a5 29. Qf4 Re6 30. Rd7 Qg5 31. Kf2 1/2-1/2

[Event "WCPL:Cardiff-Vale"]
[Site "?"]
[Date "2017.10.22"]
[Round "1.2"]
[White "Bullen, Alex"]
[Black "Ralphs, Nigel"]
[Result "1/2-1/2"]
[WhiteElo "2047"]
[BlackElo "2043"]
[PlyCount "56"]
[EventDate "2017.10.22"]
[EventCountry "WLS"]
[SourceDate "2017.10.24"]

1. d4 d5 2. Bf4 c5 3. e3 Nc6 4. c3 Nf6 5. Nd2 e6 6. Ngf3 Bd6 7. Bg3 O-O 8. Bd3
b6 9. e4 dxe4 10. Nxe4 Nxe4 11. Bxe4 Bb7 12. dxc5 Bxc5 13. Qa4 b5 14. Qxb5 Qb6
15. Qxb6 axb6 16. O-O f5 17. Bxc6 Bxc6 18. Be5 Rfd8 19. b4 Bd6 20. Bd4 b5 21.
Rfe1 Bd5 22. a3 Ra6 23. Be5 Bxe5 24. Rxe5 Rda8 25. Nd4 Rxa3 26. Rxa3 Rxa3 27.
h3 Rxc3 28. Nxb5 Rc4 1/2-1/2

[Event "WCPL:Cardiff-Vale"]
[Site "?"]
[Date "2017.10.22"]
[Round "1.3"]
[White "Heaven, Pete"]
[Black "Jones, Derek"]
[Result "1/2-1/2"]
[WhiteElo "2008"]
[BlackElo "1908"]
[PlyCount "71"]
[EventDate "2017.10.22"]
[EventCountry "WLS"]
[SourceDate "2017.10.24"]

1. e4 e6 2. d4 d5 3. Nc3 Bb4 4. exd5 exd5 5. Bd3 Nf6 6. Nge2 O-O 7. O-O Bg4 8.
f3 Bh5 9. Bg5 c6 10. Nf4 Bg6 11. Bxg6 hxg6 12. Qd3 Nbd7 13. Rfe1 Qc7 14. g3
Rfe8 15. Nh3 Bd6 16. Bf4 Nh5 17. Bxd6 Qxd6 18. Kg2 Nf8 19. Qd2 Ne6 20. Ne2 Re7
21. c3 Rae8 22. Neg1 g5 23. Re2 g4 24. fxg4 Nf6 25. Nf2 Ne4 26. Nxe4 dxe4 27.
Nh3 e3 28. Qd3 Qd5+ 29. Kg1 c5 30. Qf5 Qc4 31. Rxe3 cxd4 32. Re4 g6 33. Qf6 Qd5
34. Re5 Qc6 35. cxd4 Nxd4 36. Qxc6 1/2-1/2

[Event "WCPL:Cardiff-Vale"]
[Site "?"]
[Date "2017.10.22"]
[Round "1.4"]
[White "Fathallah, Joe"]
[Black "Davis, Lee"]
[Result "1/2-1/2"]
[WhiteElo "1935"]
[BlackElo "1937"]
[PlyCount "60"]
[EventDate "2017.10.22"]
[EventCountry "WLS"]
[SourceDate "2017.10.24"]
[WhiteTeam "Cardiff"]
[BlackTeam "The Vale"]

1. d4 Nf6 2. c4 e6 3. Nc3 Bb4 4. Qc2 d5 5. cxd5 Qxd5 6. Nf3 Nc6 7. e3 O-O 8.
Bd2 Bxc3 9. bxc3 b6 10. Bd3 Bb7 11. e4 Qh5 12. e5 Nd7 13. O-O-O h6 14. g4 Qh3
15. Be4 f5 16. gxf5 exf5 17. Bd5+ Kh8 18. Rhg1 Nxd4 19. Nxd4 Bxd5 20. Rg3 Qh5
21. Bf4 Nc5 22. c4 Be4 23. Qc3 Rad8 24. e6 Nxe6 25. Be5 c5 26. Rxg7 Nxg7 27.
Bxg7+ Kh7 28. Bxf8 Qg5+ 29. Kb2 Qf6 30. Nb5 Qxf8 1/2-1/2

[Event "WCPL:Cardiff-Vale"]
[Site "?"]
[Date "2017.10.22"]
[Round "1.5"]
[White "Thomas, Ben"]
[Black "Sivarajasingam, Shayanna"]
[Result "1-0"]
[WhiteElo "1928"]
[BlackElo "1696"]
[PlyCount "81"]
[EventDate "2017.10.22"]
[EventCountry "WLS"]
[SourceDate "2017.10.24"]

1. e4 e6 2. d4 d5 3. exd5 exd5 4. Nf3 Bd6 5. Be2 Nc6 6. O-O Bg4 7. Re1 Nge7 8.
Nc3 a6 9. Nxd5 Bxh2+ 10. Nxh2 Bxe2 11. Nxe7 Nxd4 12. Qd2 Kxe7 13. c3 Kf8 14.
Qxd4 Qxd4 15. cxd4 Bc4 16. Bf4 Rd8 17. Nf3 c6 18. b3 Bd5 19. Nh4 f6 20. Nf5 g5
21. Bd6+ Kf7 22. Re7+ Kg6 23. g4 Bf7 24. Rae1 Rde8 25. Bb4 Rxe7 26. Rxe7 h5 27.
f3 h4 28. Rxb7 Re8 29. Rxf7 Kxf7 30. Nd6+ Kf8 31. Nxe8+ Kxe8 32. Kf2 Kd7 33.
Ba5 Kc8 34. f4 Kd7 35. fxg5 fxg5 36. Bd2 Ke6 37. Bxg5 Kd5 38. Bxh4 Kxd4 39.
Bf6+ Kd5 40. Ke3 Ke6 41. g5 1-0

[Event "WCPL:Cardiff-Vale"]
[Site "?"]
[Date "2017.10.22"]
[Round "1.6"]
[White "Sivarajasingam, Venetia"]
[Black "Taylor, Robert Graham"]
[Result "1/2-1/2"]
[WhiteElo "1702"]
[BlackElo "1912"]
[PlyCount "35"]
[EventDate "2017.10.22"]
[EventCountry "WLS"]
[SourceDate "2017.10.24"]

1. e4 c5 2. Nf3 e6 3. c4 d6 4. Nc3 Nc6 5. d4 cxd4 6. Nxd4 Nf6 7. Bg5 Be7 8. Nf3
O-O 9. Be2 a6 10. O-O Qc7 11. Qd2 b6 12. Rfd1 Rd8 13. Rac1 Bb7 14. b3 Nb8 15.
Bd3 Nbd7 16. Bb1 Nf8 17. h3 Ng6 18. Qe2 1/2-1/2

[Event "WCPL:Cardigan-Nidum"]
[Site "?"]
[Date "2017.10.22"]
[Round "1.7"]
[White "Musson, Adam J"]
[Black "Williams, A. Howard"]
[Result "1/2-1/2"]
[WhiteElo "2049"]
[BlackElo "2266"]
[PlyCount "54"]
[EventDate "2017.10.22"]
[EventCountry "WLS"]
[SourceDate "2017.10.24"]

1. d4 Nf6 2. c4 e6 3. Nc3 Bb4 4. e3 O-O 5. Nge2 d5 6. a3 Be7 7. cxd5 exd5 8.
Nf4 c6 9. Bd3 a5 10. O-O Na6 11. Bd2 Bd6 12. f3 Nc7 13. Rc1 Re8 14. Bb1 Ne6 15.
Nxe6 Bxe6 16. e4 dxe4 17. Nxe4 Nxe4 18. Bxe4 Bd5 19. Bxd5 cxd5 20. g3 a4 21.
Re1 Rxe1+ 22. Qxe1 Qb6 23. Bc3 Kf8 24. Rc2 Re8 25. Re2 Qb5 26. Rxe8+ Qxe8 27.
Qd2 Qb5 1/2-1/2

[Event "WCPL:Cardigan-Nidum"]
[Site "?"]
[Date "2017.10.22"]
[Round "1.8"]
[White "Jones, Iolo C"]
[Black "Saunders, Robert"]
[Result "1-0"]
[WhiteElo "2200"]
[BlackElo "2076"]
[PlyCount "83"]
[EventDate "2017.10.22"]
[EventCountry "WLS"]
[SourceDate "2017.10.24"]

1. d4 Nf6 2. Nf3 d5 3. c4 e6 4. Nc3 Be7 5. Bf4 O-O 6. e3 c6 7. Bd3 a6 8. O-O b5
9. cxd5 cxd5 10. Rc1 Bb7 11. Ne5 Nbd7 12. Qe2 Qa5 13. Nxd7 Nxd7 14. Bb1 Nf6 15.
Qd3 Rfc8 16. Bg5 g6 17. Ne2 Qd8 18. Rxc8 Rxc8 19. Rc1 Rc4 20. b3 Rxc1+ 21. Nxc1
b4 22. f3 Kg7 23. Qc2 h6 24. Bf4 Nd7 25. Bc7 Qf8 26. Nd3 Bd6 27. Ba5 Nb8 28.
Nc5 Bxc5 29. dxc5 Nc6 30. Bxb4 d4 31. Bd2 e5 32. Qc4 Qc8 33. b4 Qd7 34. Bc2
dxe3 35. Bxe3 Ne7 36. Qd3 Nd5 37. Bd2 Qb5 38. a4 Qc6 39. Qc4 Nb6 40. Qc3 Nxa4
41. Qxe5+ Kh7 42. Qf4 1-0

[Event "WCPL:Cardigan-Nidum"]
[Site "?"]
[Date "2017.10.22"]
[Round "1.9"]
[White "Evans, Craig"]
[Black "Van Kemenade, Rudy"]
[Result "1-0"]
[WhiteElo "1997"]
[BlackElo "1998"]
[PlyCount "65"]
[EventDate "2017.10.22"]
[EventCountry "WLS"]
[SourceDate "2017.10.24"]
[WhiteTeam "Nidum"]

1. e4 e5 2. Nf3 Nf6 3. Nxe5 d6 4. Nf3 Nxe4 5. Nc3 Nxc3 6. dxc3 Be7 7. Be3 O-O
8. Qd2 b6 9. O-O-O Bb7 10. h4 Nd7 11. Kb1 Nc5 12. Rh3 Bc8 13. Rh1 Bf6 14. Bc4
Bb7 15. Rdg1 Qe7 16. Nd4 Ne4 17. Qe1 c5 18. Nf5 Qd7 19. g4 d5 20. Bd3 d4 21.
Bxd4 cxd4 22. Bxe4 Bxe4 23. Qxe4 dxc3 24. g5 Rfe8 25. Nh6+ gxh6 26. gxf6+ Kh8
27. Qf4 Qd2 28. Qf5 Rad8 29. a4 Rd5 30. Qg4 Rg5 31. hxg5 Re2 32. Qc8+ Re8 33.
Qxe8# 1-0

[Event "WCPL:Cardigan-Nidum"]
[Site "?"]
[Date "2017.10.22"]
[Round "1.10"]
[White "Haigh, Tony"]
[Black "Gibbons, Andrew"]
[Result "1/2-1/2"]
[WhiteElo "1820"]
[BlackElo "1948"]
[PlyCount "123"]
[EventDate "2017.10.22"]
[EventCountry "WLS"]
[SourceDate "2017.10.24"]

1. d4 Nf6 2. Bg5 c5 3. Bxf6 exf6 4. e3 Qb6 5. b3 d5 6. Nf3 Be6 7. Be2 Nc6 8.
O-O cxd4 9. Nxd4 Be7 10. Nxe6 fxe6 11. Nd2 O-O 12. c4 d4 13. exd4 Nxd4 14. Nf3
Rfd8 15. Nxd4 Rxd4 16. Qc2 Rad8 17. Rad1 Bc5 18. Rxd4 Rxd4 19. g3 Qd6 20. Rd1
b6 21. Rd3 a5 22. Qc3 Kf7 23. Rxd4 Bxd4 24. Qf3 Qe5 25. Qh5+ Qxh5 26. Bxh5+ Ke7
27. a4 Kd6 28. Bd1 g5 29. Kf1 Kc5 30. f3 Kb4 31. Ke2 Kc3 32. h3 Be5 33. g4 f5
34. gxf5 exf5 35. Ke3 Bd4+ 36. Ke2 f4 37. Ke1 h6 38. Ke2 Bg1 39. Ke1 Bh2 40.
Kf1 Bg3 41. Ke2 Bh4 42. Kf1 Kd2 43. Be2 Kc2 44. c5 bxc5 45. Bc4 Kd2 46. Kg2 Ke3
47. Be6 Be1 48. Bf7 Bb4 49. Bh5 Bc3 50. Bf7 Bd4 51. Bh5 Kd3 52. Bf7 Kc3 53. Be6
Kb4 54. Bf7 Kc3 55. Be6 h5 56. Bf7 Be3 57. Be6 Bd4 58. Bf7 Be5 59. Be6 Kd3 60.
Bf7 Kc3 61. Be6 Bd6 62. Bf7 1/2-1/2

[Event "WCPL:Cardigan-Nidum"]
[Site "?"]
[Date "2017.10.22"]
[Round "1.11"]
[White "Jones, Ian Robert"]
[Black "Van Kemenade, Julie"]
[Result "1-0"]
[WhiteElo "1952"]
[BlackElo "1694"]
[PlyCount "53"]
[EventDate "2017.10.22"]
[EventCountry "WLS"]
[SourceDate "2017.10.24"]

1. e4 d6 2. d4 Nf6 3. Bd3 e5 4. c3 Nbd7 5. f4 c6 6. Nf3 Qc7 7. O-O Be7 8. a4
O-O 9. Na3 Re8 10. fxe5 dxe5 11. Nc4 Bf8 12. Ncxe5 Nxe5 13. Nxe5 Bd6 14. Bf4
Bxe5 15. Bxe5 Rxe5 16. dxe5 Ng4 17. Bc4 Nxe5 18. Be2 Be6 19. Kh1 Rd8 20. Qe1
Bb3 21. Qf2 a6 22. Qf4 f6 23. Rf3 Qe7 24. Rg3 Ng6 25. Qe3 Qe5 26. Qb6 Rd2 27.
Qxb3+ 1-0

[Event "WCPL:Cardigan-Nidum"]
[Site "?"]
[Date "2017.10.22"]
[Round "1.12"]
[White "Francis, Matthew"]
[Black "Moore, Robert"]
[Result "0-1"]
[WhiteElo "1720"]
[BlackElo "1826"]
[PlyCount "72"]
[EventDate "2017.10.22"]
[EventCountry "WLS"]
[SourceDate "2017.10.24"]
[WhiteTeam "Cardigan"]

1. d4 d5 2. Bf4 Nf6 3. e3 c6 4. c3 Bf5 5. Bd3 Bxd3 6. Qxd3 e6 7. Nd2 Bd6 8. Bg3
Qe7 9. Ngf3 O-O 10. Ne5 Nbd7 11. Ndf3 Ne4 12. c4 Bb4+ 13. Kf1 f6 14. Nxd7 Qxd7
15. c5 Ba5 16. a3 Bc7 17. Bxc7 Qxc7 18. Nd2 f5 19. Nf3 f4 20. Ke2 Rf5 21. Raf1
Raf8 22. Nd2 Nxd2 23. Kxd2 fxe3+ 24. Qxe3 e5 25. Qg3 Qe7 26. f3 exd4 27. Re1
Qxc5 28. Rc1 Qb6 29. Kc2 c5 30. Rhe1 c4 31. Re7 R5f7 32. Rce1 Qb3+ 33. Kc1 c3
34. Qf2 Qa2 35. Rxf7 Qa1+ 36. Kc2 Qxb2+ 0-1

[Event "WCPL:Abergavenny-White Knights"]
[Site "?"]
[Date "2017.10.22"]
[Round "1.13"]
[White "Pleasants, Allan J"]
[Black "Zeidler, Sven P."]
[Result "1/2-1/2"]
[WhiteElo "2143"]
[BlackElo "2169"]
[PlyCount "65"]
[EventDate "2017.10.22"]
[EventCountry "WLS"]
[SourceDate "2017.10.24"]

1. e4 d5 2. exd5 Qxd5 3. Nc3 Qa5 4. d4 Nf6 5. Nf3 c6 6. Bc4 Bf5 7. Bd2 Qb6 8.
Qe2 e6 9. O-O-O Bb4 10. Ne5 Nbd7 11. Nxd7 Kxd7 12. Na4 Bxd2+ 13. Rxd2 Qc7 14.
Nc5+ Ke7 15. h3 h5 16. Re1 Rhc8 17. Qe5 Kf8 18. Bd3 Bxd3 19. Rxd3 b6 20. Ne4
Qxe5 21. dxe5 Nxe4 22. Rxe4 Rd8 23. Red4 Rd5 24. Rxd5 exd5 25. g4 hxg4 26. hxg4
Re8 27. Ra3 a5 28. Rb3 b5 29. Rc3 Rc8 30. a4 bxa4 31. Rc5 g5 32. Rxa5 Re8 33.
Rxa4 1/2-1/2

[Event "WCPL:Abergavenny-White Knights"]
[Site "?"]
[Date "2017.10.22"]
[Round "1.14"]
[White "Morris, Charles F"]
[Black "Hewitt, William"]
[Result "1-0"]
[WhiteElo "2124"]
[BlackElo "2010"]
[PlyCount "69"]
[EventDate "2017.10.22"]
[EventCountry "WLS"]
[SourceDate "2017.10.24"]

1. Nf3 Nf6 2. c4 g6 3. Nc3 d5 4. cxd5 Nxd5 5. Qa4+ Bd7 6. Qb3 Nb6 7. Ng5 e6 8.
h4 Nc6 9. e3 Bg7 10. a4 a5 11. d4 O-O 12. Bd2 Qe7 13. Nb5 Nd5 14. Bc4 Rac8 15.
O-O h6 16. Nf3 Ncb4 17. e4 Nb6 18. Bf4 Nxc4 19. Qxc4 c6 20. Nd6 Rb8 21. Rfd1
Rfd8 22. Qc1 Kh7 23. Nc4 Ra8 24. Bc7 Rdc8 25. Bd6 Qe8 26. Nb6 Ra6 27. Nxc8 Bxc8
28. Ne5 Bf8 29. Bxf8 Qxf8 30. Qf4 Kg8 31. Ra3 h5 32. Rg3 Qg7 33. Qg5 Ra8 34.
Rf3 f5 35. Rg3 1-0

[Event "WCPL:Abergavenny-White Knights"]
[Site "?"]
[Date "2017.10.22"]
[Round "1.15"]
[White "Garcia, Jason"]
[Black "Spencer, Douglas"]
[Result "1-0"]
[WhiteElo "2026"]
[BlackElo "2015"]
[PlyCount "93"]
[EventDate "2017.10.22"]
[EventCountry "WLS"]
[SourceDate "2017.10.24"]

1. e4 e5 2. Nf3 Nf6 3. Nxe5 d6 4. Nf3 Nxe4 5. Nc3 Nxc3 6. dxc3 Be7 7. Be3 Nc6
8. Qd2 Be6 9. O-O-O Qd7 10. Kb1 a6 11. Nd4 Bf6 12. Bg5 Bxd4 13. cxd4 d5 14. Be2
h6 15. Bh4 g5 16. Bg3 O-O-O 17. h4 f6 18. f3 Bf5 19. Bf2 Kb8 20. g4 Bg6 21.
Rde1 Rde8 22. Bd1 Rxe1 23. Rxe1 Re8 24. Kc1 Rxe1 25. Bxe1 Qd6 26. a3 Kc8 27.
Qe3 Kd7 28. Bd2 Qe7 29. Qb3 Qd6 30. h5 Bh7 31. Qxb7 Nxd4 32. Be3 Qc6 33. Qxc6+
Nxc6 34. Be2 a5 35. Bc5 Ne5 36. b4 axb4 37. Bxb4 c6 38. Bf8 Nf7 39. Kd2 Ke8 40.
Bc5 Ne5 41. Bd4 Bg8 42. Kc3 Be6 43. Kb4 Kf7 44. Kc5 Nc4 45. a4 Bd7 46. Bxc4
dxc4 47. a5 1-0

[Event "WCPL:Abergavenny-White Knights"]
[Site "?"]
[Date "2017.10.22"]
[Round "1.16"]
[White "May, Frank"]
[Black "Young, Alan"]
[Result "1/2-1/2"]
[WhiteElo "2095"]
[BlackElo "2044"]
[PlyCount "63"]
[EventDate "2017.10.22"]
[EventCountry "WLS"]
[SourceDate "2017.10.24"]
[WhiteTeam "Abergavenny"]

1. Nf3 d5 2. e3 Nf6 3. c4 e6 4. b3 Be7 5. Bb2 O-O 6. Be2 c5 7. O-O Nc6 8. d4
cxd4 9. exd4 b6 10. Nc3 Bb7 11. Ne5 Rc8 12. Nb5 a6 13. Nxc6 Rxc6 14. Nc3 dxc4
15. bxc4 Rd6 16. Na4 Qa8 17. Bf3 Rfd8 18. Bxb7 Qxb7 19. Qb3 Rb8 20. Rad1 Rd7
21. Ba3 Bxa3 22. Qxa3 Rbd8 23. Qb4 Qc6 24. Nxb6 Rb7 25. c5 Nd7 26. Rb1 Rdb8 27.
Rfc1 h6 28. g3 Nxb6 29. cxb6 Qxb6 30. Qxb6 Rxb6 31. Rc8+ Rxc8 32. Rxb6 1/2-1/2

[Event "WCPL:Abergavenny-White Knights"]
[Site "?"]
[Date "2017.10.22"]
[Round "1.17"]
[White "Bevan, Peter M"]
[Black "Parry, Matthew"]
[Result "1/2-1/2"]
[WhiteElo "1952"]
[BlackElo "1901"]
[PlyCount "58"]
[EventDate "2017.10.22"]
[EventCountry "WLS"]
[SourceDate "2017.10.24"]

1. c4 b6 2. Nc3 Bb7 3. e4 e6 4. d3 Bc5 5. Nge2 d5 6. cxd5 exd5 7. d4 Be7 8.
exd5 Nf6 9. Nf4 Nxd5 10. Qa4+ Bc6 11. Bb5 Bxb5 12. Nxb5 O-O 13. O-O c6 14. Nxd5
cxd5 15. Bf4 Qd7 16. Rac1 a6 17. Nc3 b5 18. Qb3 Rd8 19. Rfe1 Nc6 20. Nxd5 Qxd5
21. Qxd5 Rxd5 22. Rxc6 Bf6 23. Rxa6 Rad8 24. Rd6 R5xd6 25. Bxd6 Bxd4 26. b4 f6
27. Be7 Rc8 28. Bc5 Bxc5 29. bxc5 Rxc5 1/2-1/2

[Event "WCPL:Abergavenny-White Knights"]
[Site "?"]
[Date "2017.10.22"]
[Round "1.18"]
[White "Miles, Richard"]
[Black "Buttell, David"]
[Result "1/2-1/2"]
[WhiteElo "1985"]
[BlackElo "1777"]
[PlyCount "37"]
[EventDate "2017.10.22"]
[EventCountry "WLS"]
[SourceDate "2017.10.24"]
[BlackTeam "White Knights"]

1. d4 d5 2. c4 e6 3. Nc3 Nf6 4. cxd5 exd5 5. Bg5 Be7 6. e3 c6 7. Qc2 Nbd7 8.
Bd3 O-O 9. Nge2 Re8 10. h3 Nf8 11. O-O-O g6 12. g4 Ne6 13. Bh4 Ng7 14. Kb1 Ne4
15. Bxe7 Nxc3+ 16. Qxc3 Qxe7 17. Ng3 f5 18. gxf5 Nxf5 19. Bxf5 1/2-1/2

[Event "WCPL:Nidum-Cardiff"]
[Site "?"]
[Date "2017.11.05"]
[Round "2.1"]
[White "Brown, Thomas"]
[Black "Musson, Adam J"]
[Result "0-1"]
[WhiteElo "2060"]
[BlackElo "2030"]
[PlyCount "98"]
[EventDate "2017.11.05"]
[EventCountry "WLS"]
[SourceDate "2017.10.24"]

1. d4 Nf6 2. c4 g6 3. Nc3 d5 4. cxd5 Nxd5 5. e4 Nxc3 6. bxc3 Bg7 7. Be3 c5 8.
Rb1 O-O 9. Qd2 Nc6 10. d5 Na5 11. Bxc5 f5 12. Bd4 e5 13. Bc5 Rf7 14. Bd3 b6 15.
Bb4 fxe4 16. Bxe4 Qh4 17. Qc2 Rxf2 18. g3 Rxc2 19. gxh4 Rxa2 20. Ne2 Bb7 21.
Nc1 Ra4 22. O-O Nc4 23. Rd1 a5 24. Bc2 axb4 25. Bxa4 Rxa4 26. d6 Bf6 27. d7 Bd8
28. Rxb4 Rxb4 29. cxb4 b5 30. Nb3 Kf7 31. Nc5 Bc6 32. Ra1 Ke7 33. Ra6 Nb6 34.
h5 gxh5 35. Kf2 Bxd7 36. Ra7 Ke8 37. Rb7 Bf5 38. Rb8 Ke7 39. Rb7+ Kd6 40. Rf7
Bh4+ 41. Kg1 Bg6 42. Rb7 Kc6 43. Ra7 e4 44. Ne6 e3 45. Nd4+ Kd5 46. Nxb5 Bf2+
47. Kg2 Be4+ 48. Kh3 Bd3 49. Nc3+ Kd4 0-1

[Event "WCPL:Nidum-Cardiff"]
[Site "?"]
[Date "2017.11.05"]
[Round "2.2"]
[White "Saunders, Robert"]
[Black "Hatchett, Paul"]
[Result "1/2-1/2"]
[WhiteElo "2069"]
[BlackElo "1970"]
[PlyCount "38"]
[EventDate "2017.11.05"]
[EventCountry "WLS"]
[SourceDate "2017.10.24"]

1. e4 c5 2. Nc3 Nc6 3. g3 g6 4. Bg2 Bg7 5. d3 d6 6. Be3 Rb8 7. Qd2 b5 8. a3 a5
9. Nge2 b4 10. axb4 axb4 11. Nd1 Nd4 12. O-O e5 13. Nc1 Ne7 14. c3 Ndc6 15. Ne2
O-O 16. Bh6 Qb6 17. Bxg7 Kxg7 18. Ne3 Ba6 19. Nd5 Nxd5 1/2-1/2

[Event "WCPL:Nidum-Cardiff"]
[Site "?"]
[Date "2017.11.05"]
[Round "2.3"]
[White "Fathallah, Joe"]
[Black "Gibbons, Andrew"]
[Result "1/2-1/2"]
[WhiteElo "1963"]
[BlackElo "1945"]
[PlyCount "121"]
[EventDate "2017.11.05"]
[EventCountry "WLS"]
[SourceDate "2017.10.24"]

1. d4 Nf6 2. c4 e6 3. Nc3 Bb4 4. Qc2 Nc6 5. Nf3 d6 6. Bd2 O-O 7. a3 Bxc3 8.
Bxc3 Qe7 9. e4 e5 10. d5 Nb8 11. g3 Nbd7 12. Bg2 a5 13. b4 axb4 14. axb4 Rxa1+
15. Bxa1 c5 16. dxc6 bxc6 17. O-O Rd8 18. Bb2 c5 19. b5 Bb7 20. Nd2 Nf8 21. Ra1
Ra8 22. Rxa8 Bxa8 23. Qa4 Qb7 24. f3 Ne6 25. Nb3 Nd7 26. Nc1 Nd4 27. Nd3 Nb6
28. Qa2 Qb8 29. Kf2 Bb7 30. Bf1 h6 31. Ne1 Qa8 32. Qxa8+ Nxa8 33. Ng2 Nb6 34.
Ne3 Kf8 35. Bd3 g6 36. Bc3 h5 37. Ba5 Nd7 38. h3 Ke7 39. g4 hxg4 40. hxg4 Nb3
41. Bc3 Nb6 42. Kg2 Nd4 43. Ba5 Nd7 44. Kg3 Nb3 45. Be1 Nd4 46. Kg2 Nf8 47.
Bh4+ Kd7 48. Nd5 Nfe6 49. Kf2 Bxd5 50. exd5 Nf4 51. Bf1 Nc2 52. Bg5 Kc7 53.
Bxf4 exf4 54. Bd3 Ne3 55. Ke2 g5 56. Kd2 Kb6 57. Kc3 Ka5 58. Kb3 Nd1 59. Bf5
Ne3 60. Bd3 Nd1 61. Bf5 1/2-1/2

[Event "WCPL:Nidum-Cardiff"]
[Site "?"]
[Date "2017.11.05"]
[Round "2.4"]
[White "Davies, Matthew"]
[Black "Sivarajasingam, Shayanna"]
[Result "1/2-1/2"]
[WhiteElo "1939"]
[BlackElo "1688"]
[PlyCount "57"]
[EventDate "2017.11.05"]
[EventCountry "WLS"]
[SourceDate "2017.10.24"]

1. d4 Nf6 2. c4 e6 3. Nc3 Bb4 4. e3 b6 5. Nge2 Ne4 6. Qc2 f5 7. a3 Bxc3+ 8.
Nxc3 Bb7 9. b3 d6 10. Bb2 Nd7 11. O-O-O Qe7 12. f3 Nxc3 13. Bxc3 O-O-O 14. Bd3
Rhf8 15. Kb2 g6 16. Rhe1 Nf6 17. h3 Kb8 18. e4 fxe4 19. fxe4 Nh5 20. e5 Nf4 21.
exd6 Nxd3+ 22. Rxd3 cxd6 23. Rde3 Bc8 24. R3e2 Rf7 25. Qd3 Qg5 26. Bd2 Qf5 27.
Qg3 Ka8 28. Bb4 Qf4 29. Qxf4 1/2-1/2

[Event "WCPL:Nidum-Cardiff"]
[Site "?"]
[Date "2017.11.05"]
[Round "2.5"]
[White "Sivarajasingam, Venetia"]
[Black "Jones, Ian Robert"]
[Result "0-1"]
[WhiteElo "1713"]
[BlackElo "1956"]
[PlyCount "118"]
[EventDate "2017.11.05"]
[EventCountry "WLS"]
[SourceDate "2017.10.24"]

1. e4 Nc6 2. d4 d5 3. exd5 Qxd5 4. Nf3 e5 5. Nc3 Bb4 6. Bd2 Bxc3 7. Bxc3 e4 8.
Ne5 Nxe5 9. dxe5 Ne7 10. Qxd5 Nxd5 11. Bd4 Be6 12. g3 Nb4 13. O-O-O Bg4 14. Re1
Bf3 15. Rg1 O-O-O 16. Bc5 Nc6 17. Bh3+ Kb8 18. Be3 Nxe5 19. Bf4 Nc6 20. c3 Rhe8
21. Bf1 Ne5 22. Bxe5 Rxe5 23. Be2 Bxe2 24. Rxe2 f5 25. f3 Rde8 26. Rge1 c6 27.
fxe4 fxe4 28. Kd2 Rb5 29. Kc2 Rbe5 30. Kd2 g6 31. Ke3 Kc7 32. Rd1 Rf5 33. Rde1
h5 34. Kd2 Rd5+ 35. Kc2 Rde5 36. Kd2 a5 37. c4 Kb6 38. Kc3 Kc5 39. a4 R8e6 40.
Re3 g5 41. R1e2 Kd6 42. Re1 Ke7 43. R1e2 Kf6 44. Rf2+ Rf5 45. Rfe2 Rf3 46. Kd4
Rxe3 47. Rxe3 Kf5 48. Re2 Rd6+ 49. Ke3 Rd3+ 50. Kf2 Ke5 51. Rc2 Kd4 52. Ke2 c5
53. Kf2 h4 54. g4 e3+ 55. Kf3 Rd2 56. Rxd2+ exd2 57. Ke2 Kxc4 58. Kxd2 Kb3 59.
Kc1 Kxa4 0-1

[Event "WCPL:Nidum-Cardiff"]
[Site "?"]
[Date "2017.11.05"]
[Round "2.6"]
[White "Sims, Chris"]
[Black "Harle, Bill"]
[Result "0-1"]
[WhiteElo "1790"]
[BlackElo "1771"]
[PlyCount "54"]
[EventDate "2017.11.05"]
[EventCountry "WLS"]
[SourceDate "2017.10.24"]

1. e4 c6 2. d4 d5 3. e5 e6 4. Bd3 Nd7 5. Qg4 Ne7 6. Nf3 Ng6 7. h4 c5 8. h5 Ne7
9. Ng5 h6 10. Nxf7 Kxf7 11. Bg6+ Nxg6 12. hxg6+ Ke8 13. Qxe6+ Qe7 14. Qxd5 Nb6
15. Qe4 cxd4 16. Nd2 Qe6 17. Nf3 Qf5 18. Qxd4 Qxg6 19. Bg5 Be7 20. Bxe7 Kxe7
21. O-O-O Bg4 22. Nh4 Qe6 23. f3 Bf5 24. g4 Bh7 25. Qb4+ Kf7 26. Rd6 Qc4 27.
Rxb6 Qxc2# 0-1

[Event "WCPL:White Knights-Cardigan"]
[Site "?"]
[Date "2017.11.05"]
[Round "2.7"]
[White "Williams, A. Howard"]
[Black "Pleasants, Allan J"]
[Result "1-0"]
[WhiteElo "2260"]
[BlackElo "2144"]
[PlyCount "45"]
[EventDate "2017.11.05"]
[EventCountry "WLS"]
[SourceDate "2017.10.24"]

1. d4 g6 2. c4 Bg7 3. Nc3 c5 4. Nf3 cxd4 5. Nxd4 Nc6 6. Nc2 Bxc3+ 7. bxc3 Qa5
8. e4 Qxc3+ 9. Bd2 Qg7 10. Be2 Nf6 11. Bc3 d6 12. O-O O-O 13. f4 e5 14. Qd3
Nxe4 15. Qxe4 Bf5 16. Qd5 Bxc2 17. Qxd6 Rad8 18. Qc7 Nd4 19. Rfe1 exf4 20. Kh1
Rfe8 21. Bf3 Rc8 22. Rxe8+ Rxe8 23. Qd7 1-0

[Event "WCPL:White Knights-Cardigan"]
[Site "?"]
[Date "2017.11.05"]
[Round "2.8"]
[White "Garcia, Jason"]
[Black "Jones, Iolo C"]
[Result "1/2-1/2"]
[WhiteElo "2042"]
[BlackElo "2207"]
[PlyCount "42"]
[EventDate "2017.11.05"]
[EventCountry "WLS"]
[SourceDate "2017.10.24"]

1. e4 e5 2. Nf3 Nf6 3. d4 Nxe4 4. Bd3 d5 5. Nxe5 Nd7 6. Nxd7 Bxd7 7. O-O Be7 8.
c4 Nf6 9. Nc3 dxc4 10. Bxc4 O-O 11. Bf4 Ne8 12. Ne4 Bf5 13. Re1 Nd6 14. Nxd6
Bxd6 15. Be5 Qd7 16. Qf3 Rab8 17. Bxd6 cxd6 18. Re3 Rfe8 19. Rae1 Rxe3 20. Qxe3
Kf8 21. a3 Re8 1/2-1/2

[Event "WCPL:White Knights-Cardigan"]
[Site "?"]
[Date "2017.11.05"]
[Round "2.9"]
[White "Heap, Gerry"]
[Black "Young, Alan"]
[Result "1-0"]
[WhiteElo "2081"]
[BlackElo "2032"]
[PlyCount "77"]
[EventDate "2017.11.05"]
[EventCountry "WLS"]
[SourceDate "2017.10.24"]

1. c4 e5 2. Nc3 Nf6 3. g3 d5 4. cxd5 Nxd5 5. Bg2 Nb6 6. Nf3 Nc6 7. a3 Be7 8. b4
Be6 9. Rb1 f6 10. O-O O-O 11. d3 a5 12. b5 Nd4 13. Nd2 Qc8 14. e3 Nf5 15. Qc2
Nd6 16. a4 Bh3 17. Ba3 Bxg2 18. Kxg2 f5 19. Qb3+ Kh8 20. Nd5 Nxd5 21. Qxd5 f4
22. Qxe5 Bf6 23. Qh5 Qe6 24. exf4 Qa2 25. Bxd6 cxd6 26. Ne4 Qxa4 27. Nxf6 Rxf6
28. Qd5 Rb8 29. Rfc1 h6 30. Rc7 b6 31. Rbc1 Rbf8 32. Re1 Rg6 33. Re4 Qa1 34.
Rc6 Rb8 35. Rxd6 Rf6 36. Re5 a4 37. Rxf6 gxf6 38. Re7 Rf8 39. Qf5 1-0

[Event "WCPL:White Knights-Cardigan"]
[Site "?"]
[Date "2017.11.05"]
[Round "2.10"]
[White "Hewitt, William"]
[Black "Van Kemenade, Rudy"]
[Result "1-0"]
[WhiteElo "2003"]
[BlackElo "1978"]
[PlyCount "57"]
[EventDate "2017.11.05"]
[EventCountry "WLS"]
[SourceDate "2017.10.24"]

1. e4 e5 2. Nf3 Nf6 3. Nc3 d6 4. d4 Nbd7 5. Bc4 Be7 6. O-O h6 7. Re1 c6 8. a4
Qc7 9. a5 Nf8 10. Bb3 g5 11. Qd3 Ng6 12. Qc4 Bd8 13. Be3 Nh5 14. dxe5 dxe5 15.
Bb6 Be6 16. Qxe6+ fxe6 17. Bxc7 Bxc7 18. Bxe6 Nhf4 19. Bc4 O-O-O 20. Red1 Rxd1+
21. Nxd1 g4 22. Ne1 Rd8 23. Ne3 Rd4 24. g3 Nh3+ 25. Kg2 h5 26. Bf7 Ngf4+ 27.
gxf4 Rd2 28. f5 Nxf2 29. Nc4 1-0